[Event "POL-chT3 Kujawsko Pomorskie 0910"]
[Site "Poland"]
[Date "2010.02.07"]
[Round "7.33"]
[White "Galat, Arkadiusz"]
[Black "Licznerski, Lukasz"]
[Result "0-1"]
[WhiteElo "2074"]
[BlackElo "2001"]
[PlyCount "66"]
[EventDate "2009.11.08"]
[EventType "team-tourn"]
[EventRounds "11"]
[EventCountry "POL"]
[SourceTitle "EXT 2020"]
[Source "ChessBase"]
[SourceDate "2019.10.17"]
[SourceVersion "1"]
[SourceVersionDate "2019.10.17"]
[SourceQuality "1"]

1. Nf3 Nf6 2. g3 b6 3. Bg2 Bb7 4. d3 d5 5. 0-0 e6 6. b3 c5 7. Bb2 Be7 8. c4 0-0 9. Nbd2 Nc6 10. e4 d4 11. Qe2 Qc7 12. Ne1 Nd7 13. f4 f5 14. Bh3 Rae8 15. Nef3 Kh8 16. a3 Qc8 17. Ng5 Bxg5 18. fxg5 Qd8 19. Rf4 Nce5 20. Raf1 Ng6 21. Qh5 Nxf4 22. Rxf4 g6 23. Qh6 Ne5 24. Bg2 Nf7 25. Qh4 e5 26. exf5 exf4 27. fxg6 Nxg5 28. Bxb7 Qe7 29. Be4 Nxe4 30. g7+ Qxg7 31. Nxe4 Rxe4 32. dxe4 fxg3 33. hxg3 Qf7 0-1

[Event "POL-chT4 Kujawsko Pomorskie 0708"]
[Site "Poland"]
[Date "2007.12.02"]
[Round "3.20"]
[White "Galat, Arkadiusz"]
[Black "Wojciechowski, Robert"]
[Result "1/2-1/2"]
[WhiteElo "2202"]
[BlackElo "1921"]
[PlyCount "63"]
[EventDate "2007.11.04"]
[EventType "team-tourn"]
[EventRounds "11"]
[EventCountry "POL"]
[SourceTitle "EXT 2019"]
[Source "ChessBase"]
[SourceDate "2018.10.10"]
[SourceVersion "1"]
[SourceVersionDate "2018.10.10"]
[SourceQuality "1"]

1. Nf3 d5 2. d4 Nf6 3. c4 c6 4. Nc3 e6 5. e3 Nbd7 6. Qc2 b6 7. Bd3 Bb7 8. b3 Be7 9. Bb2 0-0 10. 0-0 c5 11. cxd5 exd5 12. Ne5 Rc8 13. Nxd7 Nxd7 14. Bxh7+ Kh8 15. Bf5 cxd4 16. exd4 Rc6 17. Qd3 Rh6 18. Bc1 Rh5 19. Bf4 g6 20. Bg4 Rh4 21. Bxd7 Rxf4 22. g3 Rf6 23. Bg4 Kg7 24. f4 Rd6 25. Rae1 Bf6 26. Rf2 Bc8 27. Bf3 Bf5 28. Qd1 Be4 29. Re3 Bxf3 30. Rexf3 Re8 31. Re2 Rxe2 32. Nxe2 1/2-1/2